| 000 | 00986nmm a2200349 a 4500 | ||
|---|---|---|---|
| 003 | AR-BaBNM | ||
| 005 | 20251128204958.0 | ||
| 008 | 136019s1986 ||||||||||||||000 | spa|| | ||
| 020 | _a980-276-026-9 | ||
| 040 | _cAR-BaBNM | ||
| 245 | 1 | 0 |
_aPensamiento conservador _b1815-1898 |
| 250 | _a2ª ed. | ||
| 260 |
_aCaracas _bBiblioteca Ayacucho _c1986 |
||
| 300 | 1 | _axl, 451 p. | |
| 500 | 0 | _aContiene una cronología de textos: p. 441-443 | |
| 504 | _aBibliografía: p. 445-451 | ||
| 650 | 4 | _aHISTORIA LATINOAMERICANA | |
| 650 | 4 | _aHISTORIA POLITICA | |
| 650 | 4 | _aTEORIA POLITICA | |
| 650 | 4 | _aCONSERVADURISMO | |
| 650 | 4 | _aPOLITICA | |
| 650 | 4 | _aFILOSOFIA POLITICA | |
| 650 | 4 | _aDOCTRINAS POLITICAS | |
| 650 | 4 | _aPARTICIPACION POLITICA | |
| 650 | 4 | _aIDEOLOGIAS POLITICAS | |
| 650 | 4 | _aPARTIDOS POLITICOS | |
| 651 | 4 | _aAmérica Latina | |
| 700 | 1 |
_aRomero, José Luis _ecompilador |
|
| 700 | 1 |
_aRomero, Luis Alberto _ecompilador |
|
| 942 | _cBK | ||
| 998 | _cEnrique | ||
| 999 |
_c9561 _d9561 |
||